[Event "Dubai op 04th"]
[Site "Dubai"]
[Date "2002.04.23"]
[Round "7"]
[White "Mirzoeva, Elmira"]
[Black "Gadjily, Raouf"]
[Result "1/2-1/2"]
[WhiteElo "2296"]
[BlackElo "2426"]
[PlyCount "127"]
[EventDate "2002.04.15"]
[EventType "swiss"]
[EventRounds "9"]
[EventCountry "UAE"]
[SourceTitle "CBM 087 Extra"]
[Source "ChessBase"]
[SourceDate "2002.05.03"]
[SourceVersion "2"]
[SourceVersionDate "2002.08.09"]
[SourceQuality "1"]

1. e4 c6 2. Nf3 d5 3. Nc3 dxe4 4. Nxe4 Bf5 5. Ng3 Bg6 6. h4 h6 7. Ne5 Qd6 8. Nxg6 Qxg6 9. d4 Nd7 10. Bd3 Qd6 11. Be3 Ngf6 12. 0-0 e6 13. Qf3 Qc7 14. c4 0-0-0 15. Ne4 Nxe4 16. Bxe4 Nf6 17. Bc2 Be7 18. a3 g5 19. Rad1 Rhg8 20. Rfe1 Rd7 21. d5 g4 22. Qe2 cxd5 23. Ba4 g3 24. Bxd7+ Qxd7 25. cxd5 Nxd5 26. Bxa7 b5 27. Qc2+ Kb7 28. Bd4 Bxh4 29. Qe4 gxf2+ 30. Bxf2 Bxf2+ 31. Kxf2 Rg5 32. Rd3 Qc6 33. Rf3 f5 34. Qxe6 Rxg2+ 35. Kf1 Rxb2 36. Qxc6+ Kxc6 37. Rxf5 Rd2 38. Rc1+ Kb6 39. Rh5 Ne3+ 40. Ke1 Ra2 41. Rxh6+ Ka5 42. Rcc6 Rxa3 43. Ra6+ Kb4 44. Rxa3 Nc2+ 45. Kd2 Nxa3 46. Rh4+ Nc4+ 47. Kc2 Kc5 48. Kb3 Na5+ 49. Kc3 Nc6 50. Rh5+ Kb6 51. Rg5 Ka6 52. Kd3 Kb6 53. Ke4 Nb4 54. Kd4 Nc6+ 55. Kd5 Nb4+ 56. Kd6 Nc6 57. Rc5 Na5 58. Rc8 Nb7+ 59. Kd5 b4 60. Rh8 b3 61. Kc4 b2 62. Kc3 Kb5 63. Rh5+ Kb6 64. Kxb2 1/2-1/2

[Event "Dubai op 04th"]
[Site "Dubai"]
[Date "2002.04.18"]
[Round "4"]
[White "Gadjily, Raouf"]
[Black "Nisipeanu, Liviu Dieter"]
[Result "0-1"]
[WhiteElo "2426"]
[BlackElo "2610"]
[PlyCount "100"]
[EventDate "2002.04.15"]
[EventType "swiss"]
[EventRounds "9"]
[EventCountry "UAE"]
[SourceTitle "CBM 087 Extra"]
[Source "ChessBase"]
[SourceDate "2002.05.03"]
[SourceVersion "2"]
[SourceVersionDate "2002.08.09"]
[SourceQuality "1"]

1. e4 c5 2. Nf3 e6 3. d4 cxd4 4. Nxd4 Nc6 5. Nc3 Qc7 6. Be3 a6 7. Bd3 Nf6 8. 0-0 Nxd4 9. Bxd4 Bc5 10. Bxc5 Qxc5 11. Kh1 d6 12. f4 e5 13. Qe1 Be6 14. a3 exf4 15. Rxf4 Qe5 16. Rf3 Ng4 17. Rg3 Qc5 18. h3 Ne5 19. b4 Qc7 20. Rxg7 Ng6 21. Qe3 0-0-0 22. Nd5 Bxd5 23. exd5 Rde8 24. Qa7 Qc3 25. Bf5+ Kc7 26. Rxf7+ Re7 27. Rxe7+ Nxe7 28. Rf1 Rf8 29. Bd3 Rxf1+ 30. Bxf1 Qxa3 31. b5 Nc8 32. Qd4 a5 33. Bd3 Nb6 34. Bxh7 a4 35. Kh2 Qc5 36. Qa1 a3 37. Qa2 Nxd5 38. Be4 Ne7 39. Bd3 Kb6 40. Qb3 Nd5 41. c4 Nf4 42. Bb1 Ne2 43. h4 Qg1+ 44. Kh3 Qh1+ 45. Kg4 Qxg2+ 46. Kh5 Nf4+ 47. Kh6 Qf2 48. Qxa3 Qxh4+ 49. Kg7 Qe7+ 50. Kg8 Nh5 0-1

[Event "Batumi op"]
[Site "Batumi"]
[Date "2001.07.02"]
[Round "6"]
[White "Gadjily, Raouf"]
[Black "Shengelia, Davit"]
[Result "0-1"]
[WhiteElo "2425"]
[BlackElo "2385"]
[PlyCount "72"]
[EventDate "2001.06.26"]
[EventType "swiss"]
[EventRounds "9"]
[EventCountry "GEO"]
[SourceTitle "EXT 2002"]
[Source "ChessBase"]
[SourceDate "2001.11.25"]
[SourceVersion "1"]
[SourceVersionDate "2001.11.25"]
[SourceQuality "1"]

1. e4 c5 2. Nf3 d6 3. d4 cxd4 4. Nxd4 Nf6 5. Nc3 a6 6. g3 e5 7. Nb3 h6 8. Bg2 Be7 9. 0-0 0-0 10. a4 Be6 11. Nd5 Nxd5 12. exd5 Bf5 13. Nd2 Nd7 14. Nc4 b5 15. Ne3 Bg6 16. b4 bxa4 17. Rxa4 a5 18. c3 Qc7 19. Bb2 f5 20. Re1 Bg5 21. Qa1 f4 22. Nf1 Bd8 23. Qa2 Bc2 24. Ra3 Qb6 25. gxf4 Rxf4 26. Ne3 Bh4 27. Kh1 Rxf2 28. Nxc2 Rxc2 29. Rf1 Rf8 30. Qb1 Rxf1+ 31. Qxf1 Rxb2 32. Rxa5 Rf2 33. Qd3 Rf8 34. Qh3 Qd8 35. Qe6+ Kh8 36. Qxd6 Rf6 0-1

[Event "Dubai op 03rd"]
[Site "Dubai"]
[Date "2001.04.16"]
[Round "2"]
[White "Gadjily, Raouf"]
[Black "Alavi, Sayed Javad"]
[Result "1-0"]
[WhiteElo "2425"]
[BlackElo "2268"]
[PlyCount "49"]
[EventDate "2001.04.15"]
[EventType "swiss"]
[EventRounds "9"]
[EventCountry "UAE"]
[SourceTitle "CBM 083"]
[Source "ChessBase"]
[SourceDate "2001.07.05"]
[SourceVersion "1"]
[SourceVersionDate "2001.07.05"]
[SourceQuality "1"]

1. d4 d5 2. c4 dxc4 3. Nf3 Nf6 4. Nc3 c6 5. a4 Nd5 6. e3 b5 7. Ne5 Nxc3 8. bxc3 Qd5 9. Be2 Bf5 10. f3 Qd8 11. e4 Bc8 12. f4 e6 13. Bf3 Qc7 14. 0-0 Bb7 15. f5 exf5 16. exf5 Bd6 17. f6 gxf6 18. Bh5 Bxe5 19. dxe5 Qe7 20. exf6 Qc5+ 21. Kh1 Nd7 22. Bxf7+ Kd8 23. Be6 Bc8 24. Rf5 Qb6 25. a5 1-0

[Event "Chalkidiki White Tower op"]
[Site "Chalkidiki"]
[Date "2000.10.06"]
[Round "4"]
[White "Gadjily, Raouf"]
[Black "Fomichenko, Eduard"]
[Result "1/2-1/2"]
[WhiteElo "2413"]
[BlackElo "2377"]
[PlyCount "112"]
[EventDate "2000.10.03"]
[EventType "swiss"]
[EventRounds "7"]
[EventCountry "GRE"]
[SourceTitle "EXT 2001"]
[Source "ChessBase"]
[SourceDate "2000.11.22"]
[SourceVersion "1"]
[SourceVersionDate "2000.11.22"]
[SourceQuality "1"]

1. e4 c5 2. Nf3 Nc6 3. d4 cxd4 4. Nxd4 Nf6 5. Nc3 d6 6. Be2 e6 7. 0-0 Be7 8. Be3 0-0 9. f4 a6 10. Qe1 Qc7 11. Qg3 Nxd4 12. Bxd4 b5 13. a3 Bb7 14. Kh1 Bc6 15. Rae1 Qb7 16. Bd3 b4 17. axb4 Qxb4 18. Ne2 Qb7 19. e5 Nh5 20. Qh3 g6 21. Ng3 dxe5 22. Bxe5 Nxg3+ 23. hxg3 Rac8 24. g4 Bb5 25. Rf3 f6 26. Bc3 Bxd3 27. Rxd3 Bb4 28. Red1 Rc7 29. g5 Bxc3 30. Qxe6+ Rcf7 31. bxc3 fxg5 32. fxg5 Qe7 33. Qxe7 Rxe7 34. c4 Rc7 35. Rc3 Rf5 36. Rd4 Rxg5 37. Kg1 Rf5 38. Ra3 a5 39. Rd5 Rc5 40. Rxc5 Rxc5 41. Kf2 Re5 42. Rb3 Kf7 43. Rb6 Ke7 44. Rb7+ Kd6 45. Rxh7 Kc5 46. Rc7+ Kb6 47. Rc8 Kb7 48. Rg8 g5 49. c5 a4 50. Rg7+ Ka6 51. c6 Kb6 52. c7 Kb7 53. c8Q+ Kxc8 54. Ra7 Re4 55. Kf3 Rc4 56. Ke3 Rxc2 1/2-1/2

[Event "Polanica Zdroj op-A"]
[Site "Polanica Zdroj"]
[Date "2000.08.23"]
[Round "6"]
[White "Kveinys, Aloyzas"]
[Black "Gadjily, Raouf"]
[Result "1/2-1/2"]
[WhiteElo "2522"]
[BlackElo "2413"]
[PlyCount "104"]
[EventDate "2000.08.17"]
[EventType "swiss"]
[EventRounds "10"]
[EventCountry "POL"]
[SourceTitle "EXT 2001"]
[Source "ChessBase"]
[SourceDate "2000.11.22"]
[SourceVersion "1"]
[SourceVersionDate "2000.11.22"]
[SourceQuality "1"]

1. e4 c5 2. d3 Nc6 3. g3 g6 4. Bg2 Bg7 5. f4 e6 6. Nf3 Nge7 7. 0-0 0-0 8. c3 d6 9. Be3 b5 10. d4 cxd4 11. cxd4 a5 12. Bf2 b4 13. Nbd2 a4 14. Rc1 d5 15. Ne5 Nb8 16. Re1 Bb7 17. Nd3 dxe4 18. Nxe4 Bxd4 19. Qd2 Bxf2+ 20. Qxf2 Bxe4 21. Bxe4 Ra5 22. Nxb4 Nd7 23. Nc6 Nxc6 24. Bxc6 Nf6 25. Rc4 Ng4 26. Qd4 Qb8 27. Rb4 Qc7 28. Bf3 Rd8 29. Qb6 Qxb6+ 30. Rxb6 h5 31. Re2 Rd3 32. Be4 Rd4 33. Bf3 Rc5 34. Rc6 Rb5 35. Rcc2 g5 36. Bc6 Rf5 37. fxg5 Rxg5 38. Red2 Rxd2 39. Rxd2 Ra5 40. Rd8+ Kg7 41. Ra8 Re5 42. h3 Re1+ 43. Kg2 Ne5 44. Bxa4 Re2+ 45. Kf1 Rxb2 46. Bd1 h4 47. gxh4 Nd3 48. Ra7 Nf4 49. Bg4 Kg8 50. Ra8+ Kg7 51. Ra7 Kg6 52. h5+ Nxh5 1/2-1/2

[Event "Baku Bestcomp Cup active"]
[Site "Baku"]
[Date "2000.??.??"]
[Round "?"]
[White "Bagirov, Rufat"]
[Black "Gadjily, Raouf"]
[Result "1-0"]
[WhiteElo "2481"]
[BlackElo "2443"]
[PlyCount "52"]
[EventDate "2000.??.??"]
[EventType "k.o. (rapid)"]
[EventRounds "5"]
[EventCountry "AZE"]
[SourceTitle "EXT 2002"]
[Source "ChessBase"]
[SourceDate "2001.11.25"]
[SourceVersion "1"]
[SourceVersionDate "2001.11.25"]
[SourceQuality "1"]

1. d4 Nf6 2. c4 g6 3. Nc3 Bg7 4. e4 d6 5. Be2 0-0 6. Bg5 Nbd7 7. f3 a6 8. Nh3 c6 9. Nf2 b5 10. 0-0 h6 11. Be3 Kh7 12. Qd2 Bb7 13. Rad1 Qc7 14. Rc1 b4 15. Na4 c5 16. dxc5 dxc5 17. Nd3 Nh5 18. Naxc5 Nxc5 19. Bxc5 a5 20. Qe3 Ra6 21. b3 Rd8 22. Qf2 f5 23. exf5 gxf5 24. Rcd1 Rg6 25. Kh1 e5 26. Qh4 Rg5 1-0

[Event "Moscow Kasparov Cup"]
[Site "Moscow"]
[Date "2000.??.??"]
[Round "2"]
[White "Gadjily, Raouf"]
[Black "Kurenkov, Nikolai"]
[Result "1-0"]
[WhiteElo "2443"]
[BlackElo "2287"]
[PlyCount "109"]
[EventDate "2000.??.??"]
[EventType "tourn"]
[EventRounds "11"]
[EventCountry "RUS"]
[EventCategory "4"]
[SourceTitle "EXT 2001"]
[Source "ChessBase"]
[SourceDate "2000.11.22"]
[SourceVersion "1"]
[SourceVersionDate "2000.11.22"]
[SourceQuality "1"]

1. e4 c5 2. Nf3 Nc6 3. d4 cxd4 4. Nxd4 Nf6 5. Nc3 d6 6. f4 a6 7. Be2 Qb6 8. Nb3 e6 9. Bf3 Be7 10. Qe2 0-0 11. Be3 Qc7 12. a4 b6 13. g4 Nd7 14. 0-0 Bb7 15. Bg2 Nc5 16. g5 Nxb3 17. cxb3 Nb4 18. Rac1 Qb8 19. Rf3 g6 20. Rh3 f6 21. Qc4 d5 22. exd5 b5 23. Qe4 Qd6 24. Qxe6+ Qxe6 25. dxe6 Bxg2 26. Kxg2 fxg5 27. fxg5 Rf5 28. Ne4 Nd5 29. Bd2 bxa4 30. bxa4 Rb8 31. b3 Rb6 32. Rc8+ Rf8 33. Rxf8+ Bxf8 34. Rd3 Rxe6 35. Rxd5 Rxe4 36. Kf3 Re8 37. b4 Rb8 38. b5 axb5 39. Rxb5 Rd8 40. Be3 Ra8 41. a5 Bd6 42. h4 Kf7 43. Rb6 Ke7 44. a6 Kd7 45. a7 Kc7 46. Rb1 Rf8+ 47. Ke2 Bg3 48. Kd3 Rd8+ 49. Kc4 Ra8 50. Kd5 Re8 51. Bb6+ Kd7 52. Rf1 Re5+ 53. Kc4 Re8 54. Kb5 Bxh4 55. Rd1+ 1-0

[Event "Moscow Kasparov Cup"]
[Site "Moscow"]
[Date "2000.??.??"]
[Round "9"]
[White "Gadjily, Raouf"]
[Black "Mamedov, Nidjat"]
[Result "0-1"]
[WhiteElo "2443"]
[BlackElo "2341"]
[PlyCount "64"]
[EventDate "2000.??.??"]
[EventType "tourn"]
[EventRounds "11"]
[EventCountry "RUS"]
[EventCategory "4"]
[SourceTitle "EXT 2001"]
[Source "ChessBase"]
[SourceDate "2000.11.22"]
[SourceVersion "1"]
[SourceVersionDate "2000.11.22"]
[SourceQuality "1"]

1. d4 Nf6 2. c4 g6 3. Nc3 d5 4. cxd5 Nxd5 5. Bd2 Bg7 6. e4 Nb6 7. Be3 0-0 8. h3 f5 9. e5 Nc6 10. Nf3 f4 11. Bc1 h6 12. b3 Bf5 13. Bxf4 Nb4 14. Rc1 Nc2+ 15. Rxc2 Bxc2 16. Qxc2 Rxf4 17. Qxg6 Rxf3 18. gxf3 Qxd4 19. Qc2 Qxe5+ 20. Ne4 Qa1+ 21. Qd1 Qxa2 22. Rg1 Kh8 23. Be2 Qa5+ 24. Kf1 Qf5 25. Rg4 e6 26. Bd3 Rf8 27. Kg2 Nd5 28. Nc5 Qf7 29. Bg6 Qe7 30. Nxb7 Nf4+ 31. Kh2 Nxg6 32. Rxg6 c5 0-1

[Event "AZE-chT rap"]
[Site "Baku"]
[Date "2000.??.??"]
[Round "?"]
[White "Guseinov, Gadir"]
[Black "Gadjily, Raouf"]
[Result "0-1"]
[WhiteElo "2324"]
[BlackElo "2443"]
[PlyCount "46"]
[EventDate "2000.??.??"]
[EventType "team-tourn (rapid)"]
[EventRounds "9"]
[EventCountry "AZE"]
[SourceTitle "EXT 2002"]
[Source "ChessBase"]
[SourceDate "2001.11.25"]
[SourceVersion "1"]
[SourceVersionDate "2001.11.25"]
[SourceQuality "1"]

1. e4 c5 2. Nf3 d6 3. d4 cxd4 4. Nxd4 Nf6 5. Nc3 a6 6. Bg5 e6 7. f4 Qb6 8. Qd2 Nc6 9. 0-0-0 Bd7 10. Nf3 Rc8 11. a3 Na5 12. Bd3 Nxe4 13. Bxe4 Nc4 14. Na4 Bxa4 15. Qd4 Qc7 16. b3 d5 17. Bxd5 Nxa3 18. Rd2 Bd7 19. Be4 Nb5 20. Qe5 Nc3 21. Kb2 Qxe5 22. Nxe5 Nxe4 23. Rxd7 f6 0-1

[Event "Moscow Kasparov Cup"]
[Site "Moscow"]
[Date "2000.??.??"]
[Round "10"]
[White "Kholmov, Ratmir D"]
[Black "Gadjily, Raouf"]
[Result "0-1"]
[WhiteElo "2489"]
[BlackElo "2443"]
[PlyCount "124"]
[EventDate "2000.??.??"]
[EventType "tourn"]
[EventRounds "11"]
[EventCountry "RUS"]
[EventCategory "4"]
[SourceTitle "EXT 2001"]
[Source "ChessBase"]
[SourceDate "2000.11.22"]
[SourceVersion "1"]
[SourceVersionDate "2000.11.22"]
[SourceQuality "1"]

1. e4 c5 2. Nf3 d6 3. d4 cxd4 4. Nxd4 Nf6 5. Nc3 a6 6. g3 g6 7. Bg2 Bg7 8. 0-0 0-0 9. Nd5 Nc6 10. Ne2 Nd7 11. c3 b5 12. Be3 Bb7 13. Nd4 Nce5 14. Bg5 Re8 15. Qc1 Rc8 16. a4 bxa4 17. Rxa4 Nc5 18. Ra2 a5 19. b3 Ned7 20. Qb1 h6 21. Bc1 e6 22. Ne3 Nf6 23. f3 Ba6 24. Rd1 Qb6 25. Ba3 Red8 26. Nc4 Bxc4 27. bxc4 Qxb1 28. Rxb1 Na4 29. Nb5 Ne8 30. Bb2 Rxc4 31. Bf1 Nxb2 32. Rbxb2 Rc5 33. Rb3 d5 34. exd5 Rcxd5 35. Rxa5 Rd1 36. Rba3 Bf8 37. Ra1 Bc5+ 38. Kh1 Nf6 39. c4 R1d2 40. R5a2 Nh7 41. Be2 f5 42. Nc7 Kf7 43. Kg2 Nf8 44. Na6 Rxa2 45. Rxa2 Rc8 46. Nxc5 Rxc5 47. Ra7+ Kf6 48. f4 e5 49. Ra6+ Ne6 50. Bf3 e4 51. Be2 Rc7 52. Rb6 Ke7 53. Kf2 Ra7 54. Rb2 g5 55. fxg5 hxg5 56. Rb5 Kf6 57. g4 f4 58. Rf5+ Kg6 59. Re5 e3+ 60. Kg2 Nd4 61. Bd3+ Kf6 62. Re4 Ra2+ 0-1

[Event "EU-chT (Men) 12th"]
[Site "Batumi"]
[Date "1999.12.06"]
[Round "8.2"]
[White "Ilincic, Zlatko"]
[Black "Gadjily, Raouf"]
[Result "1/2-1/2"]
[WhiteElo "2577"]
[BlackElo "2443"]
[PlyCount "108"]
[EventDate "1999.11.06"]
[EventType "team-swiss"]
[EventRounds "9"]
[EventCountry "GEO"]
[SourceTitle "CBM 074"]
[Source "ChessBase"]
[SourceDate "2000.02.01"]
[SourceVersion "1"]
[SourceVersionDate "2000.02.01"]
[SourceQuality "1"]
[WhiteTeam "Yugoslavia"]
[BlackTeam "Azerbaijan"]
[WhiteTeamCountry "YUG"]
[BlackTeamCountry "AZE"]

1. d4 Nf6 2. c4 g6 3. g3 Bg7 4. Bg2 0-0 5. Nc3 d6 6. Nf3 Nbd7 7. 0-0 e5 8. e4 a6 9. a4 exd4 10. Nxd4 Re8 11. h3 c6 12. Be3 Nc5 13. Qc2 a5 14. b3 Bd7 15. Rfe1 Qc8 16. g4 h5 17. f3 hxg4 18. hxg4 Nh7 19. Rad1 Qc7 20. Nde2 Rad8 21. Nc1 Bc8 22. Nd3 Qe7 23. Nxc5 dxc5 24. Ne2 Ng5 25. Rxd8 Rxd8 26. Rd1 Re8 27. Qd2 Bh6 28. Kf2 Ne6 29. Rh1 Bg7 30. Qxa5 f5 31. gxf5 gxf5 32. Qd2 fxe4 33. fxe4 Rd8 34. Qc1 Rd3 35. Ke1 Nd4 36. Nxd4 cxd4 37. Bg5 Qb4+ 38. Bd2 Qxb3 39. Qd1 Qa2 40. Qe2 Qc2 41. Bf4 Qxe2+ 42. Kxe2 Ra3 43. Bd6 Ra2+ 44. Kf3 Rxa4 45. c5 Be6 46. Kf4 d3 47. Bf3 d2 48. Be5 Bxe5+ 49. Kxe5 Ra3 50. Kxe6 Rxf3 51. Rd1 Rd3 52. Ke7 Re3 53. Rxd2 Rxe4+ 54. Kd6 Rb4 1/2-1/2

[Event "EU-chT (Men) 12th"]
[Site "Batumi"]
[Date "1999.12.04"]
[Round "6.2"]
[White "Gadjily, Raouf"]
[Black "Zapolskis, Antanas J"]
[Result "0-1"]
[WhiteElo "2443"]
[BlackElo "2399"]
[PlyCount "56"]
[EventDate "1999.11.06"]
[EventType "team-swiss"]
[EventRounds "9"]
[EventCountry "GEO"]
[SourceTitle "CBM 074"]
[Source "ChessBase"]
[SourceDate "2000.02.01"]
[SourceVersion "1"]
[SourceVersionDate "2000.02.01"]
[SourceQuality "1"]
[WhiteTeam "Azerbaijan"]
[BlackTeam "Lithuania"]
[WhiteTeamCountry "AZE"]
[BlackTeamCountry "LTU"]

1. e4 c5 2. c3 d6 3. d4 Nf6 4. Bd3 Nc6 5. Nf3 cxd4 6. cxd4 g6 7. 0-0 Bg7 8. h3 0-0 9. Nc3 e5 10. dxe5 dxe5 11. Be3 Qe7 12. Nd5 Nxd5 13. exd5 e4 14. Bg5 f6 15. Re1 Ne5 16. Rxe4 fxg5 17. Nxe5 Bxe5 18. Qe2 Re8 19. Re1 Bf5 20. Re3 Bxd3 21. Qxd3 Qd6 22. g3 Re7 23. h4 gxh4 24. f4 Bf6 25. Rxe7 Bxe7 26. Re6 Qc5+ 27. Kg2 Rd8 28. f5 hxg3 0-1

[Event "EU-chT (Men) 12th"]
[Site "Batumi"]
[Date "1999.12.01"]
[Round "3.2"]
[White "Gadjily, Raouf"]
[Black "Bagaturov, Giorgi"]
[Result "0-1"]
[WhiteElo "2443"]
[BlackElo "2532"]
[PlyCount "72"]
[EventDate "1999.11.06"]
[EventType "team-swiss"]
[EventRounds "9"]
[EventCountry "GEO"]
[SourceTitle "CBM 074"]
[Source "ChessBase"]
[SourceDate "2000.02.01"]
[SourceVersion "1"]
[SourceVersionDate "2000.02.01"]
[SourceQuality "1"]
[WhiteTeam "Azerbaijan"]
[BlackTeam "Georgia"]
[WhiteTeamCountry "AZE"]
[BlackTeamCountry "GEO"]

1. e4 c5 2. Nf3 Nc6 3. d4 cxd4 4. Nxd4 Nf6 5. Nc3 d6 6. Be2 g6 7. 0-0 Bg7 8. Nb3 0-0 9. Re1 a6 10. a4 b6 11. Bf1 Bb7 12. Nd5 Nd7 13. c3 e6 14. Ne3 Nf6 15. Nc4 Nxe4 16. Rxe4 d5 17. Re1 dxc4 18. Bxc4 Qc7 19. Bf1 Be5 20. h3 Qe7 21. a5 b5 22. Be3 Rfd8 23. Qg4 Bc7 24. Bg5 Qd6 25. f4 Qd5 26. c4 bxc4 27. Rad1 Qb5 28. Bxd8 Rxd8 29. Rxd8+ Bxd8 30. f5 Qb4 31. Rd1 Qxb3 32. fxe6 Qe3+ 33. Kh1 fxe6 34. Bxc4 Nd4 35. Bxa6 Be4 36. Rg1 h5 0-1

[Event "AZE-Cup "]
[Site "Azerbaijan"]
[Date "1999.??.??"]
[Round "?"]
[White "Gadjily, Raouf"]
[Black "Abbasov, Farid"]
[Result "1-0"]
[WhiteElo "2443"]
[BlackElo "2290"]
[PlyCount "46"]
[EventDate "1999.??.??"]
[EventType "k.o."]
[EventRounds "5"]
[EventCountry "AZE"]
[SourceTitle "EXT 2001"]
[Source "ChessBase"]
[SourceDate "2000.11.22"]
[SourceVersion "1"]
[SourceVersionDate "2000.11.22"]
[SourceQuality "1"]

1. e4 c6 2. d4 d5 3. exd5 cxd5 4. c4 Nf6 5. Nc3 g6 6. cxd5 Bg7 7. Qb3 0-0 8. Be2 Nbd7 9. Bf3 Nb6 10. Nge2 Bg4 11. Bxg4 Nxg4 12. 0-0 Nf6 13. Nf4 Qd6 14. Re1 g5 15. Nfe2 h6 16. Ng3 Qd7 17. d6 e6 18. Nce4 Ne8 19. Nh5 Nd5 20. Qg3 Bxd4 21. Rd1 Bh8 22. h4 Qa4 23. Re1 f5 1-0

[Event "Olympiad-33"]
[Site "Elista"]
[Date "1998.10.04"]
[Round "6.2"]
[White "Gadjily, Raouf"]
[Black "Daly, Colm"]
[Result "1-0"]
[WhiteElo "2465"]
[BlackElo "2295"]
[PlyCount "155"]
[EventDate "1998.09.29"]
[EventType "team-swiss"]
[EventRounds "13"]
[EventCountry "RUS"]
[SourceTitle "CBM 068"]
[Source "ChessBase"]
[SourceDate "1999.02.01"]
[SourceVersion "1"]
[SourceVersionDate "1999.02.01"]
[SourceQuality "1"]
[WhiteTeam "Azerbaijan"]
[BlackTeam "Ireland"]
[WhiteTeamCountry "AZE"]
[BlackTeamCountry "IRL"]

1. e4 c5 2. Nf3 Nc6 3. d4 cxd4 4. Nxd4 Nf6 5. Nc3 d6 6. Bc4 e6 7. Be3 Be7 8. Qe2 a6 9. 0-0-0 0-0 10. Rhg1 Nxd4 11. Bxd4 b5 12. Bb3 Bb7 13. e5 dxe5 14. Bxe5 Qc8 15. g4 Nd7 16. Bd4 Nc5 17. g5 Qc7 18. Kb1 Rfd8 19. h4 Qf4 20. Qe5 Qxe5 21. Bxe5 Bf3 22. Rd4 Rxd4 23. Bxd4 Rd8 24. Be3 Rd7 25. Rc1 h5 26. gxh6 g6 27. Bg5 Bf8 28. a3 Kh7 29. Ba2 Bxh6 30. b4 Nb7 31. Bb3 Bxg5 32. hxg5 Rd2 33. Rf1 Nd6 34. Kc1 Rd4 35. Rg1 Nf5 36. Nb1 Rf4 37. Kd2 Bc6 38. Ke1 Nd4 39. Nd2 Kg7 40. c3 Nxb3 41. Nxb3 Bd5 42. Nd4 Rh4 43. Nc2 e5 44. Ne3 Bf3 45. Rg3 Rh1+ 46. Kd2 e4 47. Ng4 Rd1+ 48. Ke3 Rd3+ 49. Kf4 Rxc3 50. Nf6 Rc2 51. Rh3 Bh5 52. Nxe4 Rc4 53. Ke5 Rc8 54. Nf6 Rc2 55. f4 Re2+ 56. Kd6 Rf2 57. Ke5 Re2+ 58. Kd4 Rf2 59. Ke4 Bd1 60. Rc3 Kf8 61. Rc7 Bb3 62. Ra7 Re2+ 63. Kd4 Rc2 64. Ke5 Re2+ 65. Kd6 Kg7 66. Ra8 Re6+ 67. Kc5 Rxf6 68. gxf6+ Kxf6 69. Kd4 Kf5 70. Ke3 g5 71. fxg5 Kxg5 72. Rxa6 f5 73. Ra5 Bc4 74. a4 bxa4 75. b5 Bd5 76. b6 Bh1 77. Ra7 f4+ 78. Kf2 1-0

[Event "Olympiad-33"]
[Site "Elista"]
[Date "1998.09.30"]
[Round "2.3"]
[White "Gadjily, Raouf"]
[Black "Shulman, Yuri"]
[Result "1/2-1/2"]
[WhiteElo "2465"]
[BlackElo "2520"]
[PlyCount "86"]
[EventDate "1998.09.29"]
[EventType "team-swiss"]
[EventRounds "13"]
[EventCountry "RUS"]
[SourceTitle "CBM 068"]
[Source "ChessBase"]
[SourceDate "1999.02.01"]
[SourceVersion "1"]
[SourceVersionDate "1999.02.01"]
[SourceQuality "1"]
[WhiteTeam "Azerbaijan"]
[BlackTeam "Belarus"]
[WhiteTeamCountry "AZE"]
[BlackTeamCountry "BLR"]

1. e4 e6 2. d4 d5 3. Nc3 Bb4 4. Bd3 Ne7 5. Nge2 Nbc6 6. 0-0 0-0 7. a3 Bxc3 8. bxc3 e5 9. exd5 Nxd5 10. c4 Nf6 11. d5 Na5 12. Ng3 b6 13. f4 e4 14. Nxe4 Nxc4 15. Qf3 Bf5 16. Rb1 Re8 17. Nxf6+ Qxf6 18. Rb4 Nd6 19. Bb2 Qg6 20. Be5 Rad8 21. Ra4 a5 22. Bxd6 Rxd6 23. Rc4 Re7 24. Rd1 h6 25. Bxf5 Qxf5 26. Qd3 Qh5 27. Qf3 Qxf3 28. gxf3 Red7 29. Rcd4 c5 30. R4d3 Rf6 31. c4 Rxf4 32. Rc3 Kf8 33. Kf2 Ke8 34. Re1+ Re7 35. Rb1 Rb7 36. a4 Kd7 37. Rg1 g6 38. Rg4 Rxg4 39. fxg4 Kd6 40. Rf3 Ke5 41. Ke3 Re7 42. Kd3 Rd7 43. h4 f5 1/2-1/2

[Event "Ubeda op 3rd"]
[Site "Ubeda"]
[Date "1998.01.28"]
[Round "9"]
[White "Roeder, Matthias"]
[Black "Gadjily, Raouf"]
[Result "1-0"]
[WhiteElo "2435"]
[BlackElo "2470"]
[PlyCount "57"]
[EventDate "1998.01.20"]
[EventType "swiss"]
[EventRounds "10"]
[EventCountry "ESP"]
[SourceTitle "CBM 062 Extra"]
[Source "ChessBase"]
[SourceDate "1998.03.09"]
[SourceVersion "1"]
[SourceVersionDate "1998.03.09"]
[SourceQuality "1"]

1. d4 g6 2. e4 Bg7 3. c4 Nc6 4. Nf3 d6 5. d5 Ne5 6. Nxe5 Bxe5 7. Bd3 Bg7 8. Nc3 Nf6 9. h3 0-0 10. Bg5 Bd7 11. 0-0 c5 12. Qd2 a6 13. a4 a5 14. Bc2 Kh8 15. Bh6 Bxh6 16. Qxh6 Ng8 17. Qe3 f6 18. f4 Qc7 19. Rae1 b6 20. Rf2 Nh6 21. e5 dxe5 22. d6 exd6 23. Nd5 Qa7 24. fxe5 Ng8 25. exf6 Rf7 26. Qf4 Bc6 27. Qxd6 Bxd5 28. cxd5 Raf8 29. Re7 1-0